00737nam a2200217 i 4500001000700000003000900007005001700016007000300033008004100036080002100077100002600098245006800124250001300192260003400205300002200239500004300261600004100304852003300345999001900378952012200397129761ES-MaACL20230906193552.0t|070705s1955 fr ||||1| fre d a929 Wilde, Oscar1 aMerle, Robert.98056910aOscar Wilde ou la "destinée de l'homosexuel / cRobert Merle. a8e éd. aParis : bGallimard, c[1955] a213 p. ; c19 cm. aBiblioteca Jacinto Martínez Lacalle.14aWilde, Oscar-xBiografías.9116825 aES-MaACLjE-11824 bR.138984 c129761d129761 00104070aATENEOMbATENEOMcDEPO2d2008-01-17eSCl0oE-11824p1135116r2023-02-23 00:00:00w2023-02-23yMONOGRAFIA